First level subdivisions surrounding the Czech Republic - Statistics

General Stats
  • This quiz has been taken 8 times
    7 since last reset
  • The average score is 6 of 10
Answer Stats
Hint Answer % Correct
Germany Bayern
100%
Germany Sachsen
100%
Austria Niederösterreich
86%
Poland Silesia
86%
Austria Oberösterreich
71%
Poland Lower Silesia
57%
Slovakia Zilinský
43%
Poland Opole
29%
Slovakia Trnavský
29%
Slovakia Trenciansky
14%
No matching quizzes found
Score Distribution
Percent of People with Each Score
Percentile by Number Answered
Your Score History
You have not taken this quiz since the last reset